Statistics for Marvel Questions #4

Click here to take the quiz!

General Stats

  • This quiz has been taken 17 times
  • The average score is 18 of 29

Answer Stats

Question:Answer:% Correct
Time? | What Color is the Hulk?Green
100%
What Colors are the infinity stones: Power?Purple
100%
Space?Blue
100%
Reality?Red
100%
Soul?Orange
100%
Mind?Yellow
100%
Who is the All Father?Odin
93%
Time?Doctor Strange
87%
Mind?Vision
80%
Space?Loki
73%
Who is Tony's Father?Howard Stark
73%
Who Is the Black Panther?T'Challa
73%
Soul?Red Skull
67%
Reality?The Collector
67%
Who is Thor's Love interest?Jane Foster
60%
Who is Johann Schmidt's "Sick Kick"? Arnim Zola
53%
Who is Thor's Mother?Frigga
53%
Who punches " an old lady " on a train?Captain Marvel
47%
What planet was Ronan wanting to destroy?Xandar
47%
Where did Thor Meet Said Person?New Mexico
47%
Who is Tony's Mother?Maria Stark
40%
What Mark Variant Suit Is Iron Man Wearing during the Battle on Titan?Mark 50
40%
Where was Red skull Sentenced to?Vormir
33%
Who where The Six Stone Keepers? Power?Nova Corp
27%
What Countries King was Killed in Vienna at the signing of the accords? T'Chaka
27%
After Ultron was locked out of the internet, What Eastern European city does he try to destroy?Sakovia
13%
What Division was Bucky in?107th
7%
What did Ego call rocket on Berheart?Triangle Faced Monkey
7%

Score Distribution

Percentile by Number Answered

Percent of People with Each Score

Your Score History

You have not taken this quiz